000 00525nam a2200205Ia 4500
005 20250207104759.0
008 240822s9999 xx 000 0 und d
020 _a9789383723102
_qhbk
041 _aeng
082 _a305.563
_bVAR
100 _aVarinder Sharma
245 0 _aFarm Workers of Punjab
_c/Varinder Sharma
250 _a1st ed.
260 _bAakar Books
_c2016
_aNew Delhi
300 _a230p, :
_c22 cm.
504 _aBiblio
520 _aFarm Workers of Punjab
650 _asociology
942 _cENGLISH
999 _c529737
_d529737